00671cam a2200217 a 450000100100000000500170001000800410002702000150006804000230008308200170010610000370012324500790016026000320023930000210027149000290029250400320032165000210035365000260037470000220040083000310042200000549620200929151706.0930505s1992 sp b 001 p spa  a8437611350 aDO-SdBNPcDLCdDLC a862.6bA366d1 aAleixandre, Vicente,d1898-1984.10aDiálogos del conocimiento /cVicente Aleixandre ; edición, José Mas. aMadrid :bCátedra,c1992. a223 p. ;c18 cm.1 aLetras hispánicasv358 aBibliografía: p. 101-103. 4aTeatro español 4aLiteratura española1 aMas, José,eed. 0aLetras Hispánicas ;v358